England County Quiz - Norfolk - Statistics

General Stats
  • This quiz has been taken 407 times
  • The average score is 11 of 15
Answer Stats
Hint Answer % Correct
County town Norwich
97%
Sea off the coast of Norfolk North Sea
90%
Crustacean for which the town of Cromer is most associated Crab
85%
Popular seaside resort town in the east of the county Great Yarmouth
83%
Royal residence in the west of the county Sandringham
82%
Nickname of the county's leading football club The Canaries
82%
Celebrity chef long associated with the above club Delia Smith
78%
Inspirational Naval leader, born in the village of Burnham Thorpe in 1758 Horatio Nelson
78%
National Park which is located fully within the county border Norfolk Broads
71%
Area of low lying wetland marshes covering parts of the west of the county The Fens
68%
Large bay situated between the coasts of Norfolk and Lincolnshire The Wash
68%
Major trunk road connecting London to the above place A11
57%
Ancient tribe, led by Boudica, who lived in the area corresponding to the county of Norfolk Iceni
48%
Iconic means of converting natural power with which the Norfolk landscape is associated Windmill
37%
Norfolk born social reformer known as the 'Angel of Prisons'. Later depicted on the £5 note. Elizabeth Fry
33%
No matching quizzes found
Score Distribution
Percent of People with Each Score
Percentile by Number Answered
Your Score History
You have not taken this quiz